A writer's manual and workbook / (Record no. 7783)
[ view plain ]
| 000 -LEADER | |
|---|---|
| fixed length control field | 01156cam a22003012a 4500 |
| 001 - CONTROL NUMBER | |
| control field | 7783 |
| 003 - CONTROL NUMBER IDENTIFIER | |
| rucl marc code | BD-RUCL |
| 005 - DATE AND TIME OF LATEST TRANSACTION | |
| control field | 20211208234455.0 |
| 008 - FIXED-LENGTH DATA ELEMENTS--GENERAL INFORMATION | |
| fixed length control field | 140115s1942 n 000 0 eng d |
| 035 ## - SYSTEM CONTROL NUMBER | |
| System control number | OCLC ocm02627749 from D960123M |
| -- | (BD-RUCL)8727 |
| 040 ## - CATALOGING SOURCE | |
| Original cataloging agency | DLC |
| Transcribing agency | TOL |
| Modifying agency | OCL |
| -- | EQO |
| Language of cataloging | eng |
| 041 ## - LANGUAGE CODE | |
| Language code of text/sound track or separate title | eng |
| 082 ## - DEWEY DECIMAL CLASSIFICATION NUMBER | |
| Classification number | 808.042 |
| Edition number | 22 |
| Author mark and year | RIW 1942 |
| 245 12 - TITLE STATEMENT | |
| Title | A writer's manual and workbook / |
| Statement of responsibility, etc. | by Paul P. Kies in collaboration with Valeda Brockway, Ella E. Clark, Andrew J. Green and Royal A. Gettmann |
| 250 ## - EDITION STATEMENT | |
| Edition statement | Enl. ed |
| 260 ## - PUBLICATION, DISTRIBUTION, ETC. (IMPRINT) | |
| Place of publication, distribution, etc. | New York : |
| Name of publisher, distributor, etc. | F. S. Crofts & Co, |
| Date of publication, distribution, etc. | [c1936] 1942 |
| 300 ## - PHYSICAL DESCRIPTION | |
| Pagination | xx, 246, viii, 83 numb. 1. |
| Illustrations | diagrs. |
| Size | 23 cm |
| 500 ## - GENERAL NOTE | |
| General note | "Seventh printing, October, 1936." |
| General note | "A writer's workbook" (viii, 83 numb. 1. at end.) has special t.-p |
| 650 #0 - SUBJECT ADDED ENTRY--TOPICAL TERM | |
| Topical term or geographic name as entry element | English language |
| General subdivision | Rhetoric |
| 9 (RLIN) | 24280 |
| Topical term or geographic name as entry element | Authorship |
| Form subdivision | Handbooks, manuals, etc. |
| 9 (RLIN) | 24281 |
| 700 1# - ADDED ENTRY--PERSONAL NAME | |
| Personal name | Brockway, Valeda. |
| Personal name | Clark, Ella E. |
| Fuller form of name | (Ella Elizabeth), |
| Dates associated with a name | 1896-1984 |
| Personal name | Green, Andrew J. |
| Personal name | Gettmann, Royal A. |
| Fuller form of name | (Royal Alfred), |
| Dates associated with a name | 1904-1996. |
| 942 ## - ADDED ENTRY ELEMENTS (KOHA) | |
| Source of classification or shelving scheme | Dewey Decimal Classification |
| Koha item type | Books |
| Lost status | Source of classification or shelving scheme | Damaged status | Not for loan | Collection code | Permanent Location | Current Location | Shelving location | Date acquired | Source of acquisition | Total Checkouts | Full call number | Date last seen | Copy number | Koha item type |
|---|---|---|---|---|---|---|---|---|---|---|---|---|---|---|
| Dewey Decimal Classification | Not For Loan | Non-fiction | Central Library, University of Rajshahi | Central Library, University of Rajshahi | 24/07/1962 | Asia Foundation | 808.042 WRI 1942 | 15/01/2014 | C-1 | Books |